| 000 | 00650 a2200253 4500 | ||
|---|---|---|---|
| 260 | _aParis | ||
| 630 | _a65 - Gestion et organisation de lindustrie, du commerce, de la communication et des transports | ||
| 037 | _b1, Achat | ||
| 650 | _a6 - SCIENCES APPLIQUEES | ||
| 100 | _aBoyer, Luc | ||
| 700 | _aoël, Equilbey | ||
| 260 | _bLes Editions d'Organisation | ||
| 245 | _aHistoire du management | ||
| 300 | _a192 p. | ||
| 650 | _aEntreprise : gestion : histoire | ||
| 260 | _c1990 | ||
| 300 | _b21cm | ||
| 100 | _lFr | ||
| 440 | _aCollection EO SUP | ||
| 037 | _aDe 5313 | ||
| 020 | _a2-7081-1240-6 | ||
| 999 |
_c42079 _d42079 |
||